Policia de proximitat : manual de consulta / Sara Blasco i Ariño manual de consulta / Sara Blasco i Ariño
Publicado:
Barcelona. Diputació de Barcelona. Àrea de Presidència. Direcció dels Serveis de Formació :
2009
Descripción Física:
116 p. : quadrse ; 29 cm
Materias:
Policia -- Manuals, guies, etc.
MARC
| LEADER | 00000nam a2200000Ia 4500 | ||
|---|---|---|---|
| 001 | 21743 | ||
| 008 | 160829s2009 xx 000 0 cat d | ||
| 080 | |a M-6-231 | ||
| 100 | |a Blasco i Ariño, Sara |9 44936 | ||
| 245 | |a Policia de proximitat : |b manual de consulta / Sara Blasco i Ariño | ||
| 260 | |a Barcelona. Diputació de Barcelona. Àrea de Presidència. Direcció dels Serveis de Formació, |c 2009 | ||
| 300 | |a 116 p. : |b quadrse ; |c 29 cm | ||
| 590 | |a Bibliografia | ||
| 650 | |a Policia |x Manuals, guies, etc. |9 44937 | ||
| 710 | |a Barcelona (Catalunya : Província). |b Direcció de Serveis de Formació |9 51343 | ||
| 901 | |a Arxiu | ||
| 942 | |n 1 | ||
| 952 | |0 0 |1 0 |4 0 |6 M6231 |7 1 |9 52822 |a Arxiu |b Arxiu |d 2016-12-01 |l 0 |o M-6-231 |p 21743 |r 2016-12-01 00:00:00 |w 2016-12-01 |y ARXIU | ||
| 999 | |c 56671 |d 56671 | ||